Music Quiz

Random Music or Lyrics Quiz

Quotes About Songs II Quiz Stats

Quiz Updated Aug 28, 2015

Also try: Quotes About Songs
Challenge
Share
Tweet
Embed
Score 0/18 Timer 08:00
3 Plays Today
Song % Correct
American Pie
89.1%
You're So Vain
80.2%
Brown Eyed Girl
77.8%
Star Spangled Banner
70.2%
Tears in Heaven
68%
Sunday Bloody Sunday
61.3%
Big Yellow Taxi
54.8%
Only the Good Die Young
53.2%
Angie
52.6%
Song % Correct
Fortunate Son
47.3%
Man on the Moon
40.6%
You've Got a Friend
33.3%
Mr. Jones
33.1%
Kashmir
29.9%
Stuck in the Middle with You
29%
Mr. Bojangles
26.9%
Operator (That's Not the Way It Feels)
26.2%
Daniel
22.6%

You're not logged in!

Compare scores with friends on all Sporcle quizzes.
Join for Free
OR
Log In

You Might Also Like...

Show Comments

Extras

Top Quizzes Today


Score Distribution

Your Account Isn't Verified!

In order to create a playlist on Sporcle, you need to verify the email address you used during registration. Go to your Sporcle Settings to finish the process.

Report this User

Report this user for behavior that violates our Community Guidelines.

Details: